000 00322nam a22001337a 4500
005 20251108175430.0
008 250721s1997 xx 000 0 ara d
082 1 4 _aR/551.05/NAT
245 1 0 _anational geographic beneath the tasman sea /
264 _c1997.
650 1 7 _aEARTH
942 _2ddc
_cREF
999 _c133955
_d133955